000 00752nam a2200181 i 4500
001 175701
003 ES-MaACL
005 20230906215910.0
007 t|
008 101117s1991 sp ||||1| spa d
100 1 _aLinage Conde, Antonio.
_972322
245 1 3 _aUn congreso europeísta
_b: León y San Isidoro, 26 a 28 de abril de 1985 /
_cpor Antonio Linage Conde.
260 _a[S.l. :
_bColegio de Registradores de la Propiedad y Mercantiles de España,
_c1991]
300 _aP. 349-368 :
_bil. ;
_c24 cm.
595 _aSeparata de: Centenario del Código civil / dir. Francisco Rico Pérez, v. 2.
596 _aEn cub.: Real Federación Taurina de España, Círculo Taurino Universitario "Don Luis Mazzantini"
852 _aES-MaACL
_j2303-F-26
999 _c175701
_d175701